| 000 | 01021nam a22002537a 4500 | ||
|---|---|---|---|
| 005 | 20240530110413.0 | ||
| 008 | 150222s2008 ua g b 000 0 ara d | ||
| 017 |
_a24005/2006 _bمصر . دار الكتب المصرية |
||
| 020 | _a9771438468 | ||
| 040 | _aEG-CaGPL | ||
| 041 | 0 | _aara | |
| 082 | 0 | 4 |
_221 _a001.42\ _bح م |
| 100 | 0 | _aحامد طاهر | |
| 245 | 1 |
_aمنهج البحث بين التنظير والتطبيق : _bمع دليل عملى لكتابة البحوث والرسائل العلمية / _cتاليف حامد طاهر ؛ اشراف داليا محمد ابراهيم |
|
| 250 | _aط2 | ||
| 260 |
_aالقاهرة : _bنهضة مصر للطباعة والنشر والتوزيع ، _c2008 |
||
| 300 |
_a242 ص ؛ _c24 سم |
||
| 504 | _aببليوجرافية : ص 231 - 238 | ||
| 650 | 0 | 4 | _aطرق البحث |
| 650 | 0 | 4 | _aالرسائل العلمية |
| 700 | 0 |
_aداليا محمد ابراهيم _eمشرف |
|
| 942 |
_2ddc _cBK |
||
| 999 |
_c60490 _d60490 |
||